| 000 | 00693nam a22002177a 4500 | ||
|---|---|---|---|
| 999 |
_c6229 _d6229 |
||
| 001 | 1769 | ||
| 003 | BD-DhUAP | ||
| 005 | 20201227162131.0 | ||
| 008 | 201227s1993 nyu||||| |||| 001 0 eng d | ||
| 020 | _a0070344647 | ||
| 040 |
_aBD-DhUAP _bEng _cBD-DhUAP _dBD-DhUAP |
||
| 082 |
_223 _a658.4038 KEY |
||
| 100 | _aKeyes, Jessica. | ||
| 245 |
_aInfotrends : _bthe competitive use of information : outsourcing, re-engineering, partnering, integration / _cJessica Keyes |
||
| 260 |
_aNew York : _bMcGraw-Hill, _cc1993. |
||
| 300 |
_axiv, 221 pages ; _c24 cm. |
||
| 500 | _aIncludes index. | ||
| 650 | _aInformation resources management. | ||
| 650 | _aInformation technology. | ||
| 942 |
_2ddc _cBK |
||